Statystyki dla 15 krajów o największej liczbie zgonów Covid19 - 7 lipiec 2021

Kliknij tutaj aby rozwiązać quiz!

Ogólne statystyki

  • Ten quiz został rozwiązany 20 razy
  • Średni wynik to 14 z 24

Statystyki odpowiedzi

kraj% Poprawnych
Francja
89%
Niemcy
89%
Polska
89%
Rosja
89%
Hiszpania
84%
Stany Zjednoczone
84%
Włochy
84%
Brazylia
74%
Wielka Brytania
74%
Argentyna
63%
Indie
63%
Meksyk
63%
Czechy
53%
Węgry
53%
Belgia
47%
Kolumbia
42%
Słowacja
37%
Chorwacja
32%
Iran
32%
Słowenia
32%
Bułgaria
26%
Peru
26%
Bośnia i Hercegowina
21%
Macedonia Północna
21%

Rozkład punktacji

Percentyl według liczby udzielonych odpowiedzi

Procent ludzi z każdym wynikiem

Twoja historia wyników

Nie rozwiązałeś tego quizu